M et A in/für Osteuropa.

Poskytovanie poradenských služieb v oblasti fúzií a akvizícií v Českej republike realizované v spolupráci Živnostenskej banky a BHF-BANK-Konzern. Základné odlišnosti pre činnosť M et A v Českej republike a špecifiká mandátov M et A pri tvorbe časových plánov, vedení rokovaní v podnikoch a na ministe...

Descrizione completa

Salvato in:
Dettagli Bibliografici
Autore principale: Weidner, J.P
Natura: Capitolo di libro
Lingua:tedesco
Soggetti:
Tags: Aggiungi Tag
Nessun Tag, puoi essere il primo ad aggiungerne!!

MARC

LEADER 00000naa a2200000 4500
001 r013617
005 20221205080837.4
041 0 |a ger 
044 |a DE 
245 1 0 |a M et A in/für Osteuropa.  |c J.P. Weidner 
520 |a Poskytovanie poradenských služieb v oblasti fúzií a akvizícií v Českej republike realizované v spolupráci Živnostenskej banky a BHF-BANK-Konzern. Základné odlišnosti pre činnosť M et A v Českej republike a špecifiká mandátov M et A pri tvorbe časových plánov, vedení rokovaní v podnikoch a na ministerstvách. Charakteristika podmienok M et A poradcov pre úspešnú činnosť v Čechách. Ponuka služieb Živnostenskej banky pri privatizácii. 
610 2 0 |a poradenstvo 
610 2 0 |a služby 
610 2 0 |a fúzie 
610 2 0 |a akvizícia 
610 2 0 |a Čechy 
610 2 0 |a Živnostenská banka Praha 
610 2 0 |a BHF-BANK-Konzern 
610 2 0 |a východná Európa 
100 1 |a Weidner, J.P.